| 000 | 00920nas a2200313 4500 | ||
|---|---|---|---|
| 001 | BR0504146 | ||
| 003 | BR-BrBNA | ||
| 005 | 20231205105538.0 | ||
| 007 | ta | ||
| 008 | 230509b bl.|||p| |||| 00| 00por d | ||
| 040 |
_aBR-BrBNA _bpor _cBiblioteca Nacional de Agricultura |
||
| 041 | _a(Pt) | ||
| 072 | _aF03; J10; F02 | ||
| 100 | 1 | _aYamanishi, O.K. | |
| 100 | 1 | _aFagundes, G.R. | |
| 100 | 1 | _aMachado Filho, J.A. | |
| 100 | 1 | _aSacramento, E.R.S. | |
| 245 | 1 | _aConservação das sementes de lichia (Litchi chinensis) | |
| 650 | _aLICHIA | ||
| 650 | _aSEMENTE | ||
| 650 | _aARMAZENAMENTO | ||
| 650 | _aREFRIGERAÇÃO | ||
| 650 | _aSEMEADURA | ||
| 650 | _aPROPAGAÇÃO VEGETATIVA | ||
| 650 | _aDISTRITO FEDERAL | ||
| 773 | 0 |
_tRevista Brasileira de Fruticultura (Brazil) _xISSN 0100-2945 _g(Apr 2005), v. 27(1) p. 161-162 _wBR0504146 |
|
| 909 |
_a202311 _bLúcia _c55 _dLúcia Elande |
||
| 942 |
_2AGRIS _n0 _cANA |
||
| 999 |
_c183487 _d183487 |
||